Response surface methodology (Record no. 549653)

000 -LEADER
fixed length control field 00415nam a2200133 4500
082 00 - DEWEY DECIMAL CLASSIFICATION NUMBER
Classification number 561.15
Author Mark MYE
-- D
100 1# - MAIN ENTRY--PERSONAL NAME
Personal name Myers, Raymond H.
9 (RLIN) 8670
245 10 - TITLE STATEMENT
Title Response surface methodology
Statement of responsibility, etc. [by] Raymond H. Myers.
260 ## - PUBLICATION, DISTRIBUTION, ETC.
Place of publication, distribution, etc. Boston,
Name of publisher, distributor, etc. Allyn and Bacon
Date of publication, distribution, etc. [1971]
300 ## - PHYSICAL DESCRIPTION
Extent x, 246 p.
Other physical details illus.
Dimensions 24 cm.
526 ## - STUDY PROGRAM INFORMATION NOTE
Program name 0
Interest level 0
Reading level 0
Title point value 561_150000000000000_MYE
650 #0 - SUBJECT ADDED ENTRY--TOPICAL TERM
Topical term or geographic name entry element Response surfaces (Statistics)
9 (RLIN) 46283
942 ## - ADDED ENTRY ELEMENTS (KOHA)
Source of classification or shelving scheme
Koha item type Book
Holdings
Withdrawn status Lost status Source of classification or shelving scheme Damaged status Not for loan Permanent Location Current Location Date acquired Total Checkouts Full call number Barcode Date last seen Price effective from Koha item type
          Military College of Engineering (MCE) Military College of Engineering (MCE) 10/02/2014   561.15 MYE MCE-43122 10/02/2014 10/02/2014 Book
© 2023 Central Library, National University of Sciences and Technology. All Rights Reserved.